Bodies of Water around the Arabian Peninsula - Statistics

General Stats
  • This quiz has been taken 36,097 times
  • The average score is 5 of 8
Answers on the Map
Answers color-coded by a green-red scale on the quiz's map according to % correct below.
 
Answer Stats
Body of Water % Correct
{Red} Sea
95%
{Persian} Gulf
85%
{Arabian} Sea
76%
Gulf of {Oman}
63%
Gulf of {Aden}
54%
Strait of {Hormuz}
46%
Gulf of {Aqaba}
27%
{Mandeb} Strait
14%
No matching quizzes found
Score Distribution
Percent of People with Each Score
Percentile by Number Answered
Your Score History
You have not taken this quiz